=LDR 00000nam 2200000 4500 =001 INLIS000000000000968 =005 20201119122514 =035 ##$$a 0010-061300000000968 =008 201119################g##########0#ind## =041 ##$$a Ind =082 ##$$a 328.095 982 4 =090 ##$$a 302, Har-c =100 1#$$a Hariyanto, Slamet =245 1#$$a Catatan harian wakil rakyat : $b Boleh beda pendapat asal pendapatan sama /$c Slamet Hariyanto =260 ##$$a Surabaya :$b Hipotesa,$c 1997 =300 ##$$a xviii, 112 hlm. : $b ilus ; $c 13x20 cm. =650 #4$$a Sosial =650 #4$$a Fenomena =850 ##$$a NBPNMAT =020 ##$$a 979-95396-0-3 =084 ##$$a 328.095 982 4 HAR c =990 ##$$a 129.207/Pro-98 =990 ##$$a 121.353 pro.97 =990 ##$$a 121.353/Pro-97 =990 ##$$a 129.207/Pro-98 =990 ##$$a 121.353/Pro-97 =990 ##$$a 129.207/Pro-98 =990 ##$$a 12931293 =990 ##$$a 129.210/Pro-98 =990 ##$$a 129.207/Pro-98 =990 ##$$a 121.353/Pro-97 =990 ##$$a 1199800776 =990 ##$$a 129.207/Pro-98 =990 ##$$a 121.353/Pro-97 =990 ##$$a 20822082 =990 ##$$a 129.210/Pro-98 =990 ##$$a 129.207/Pro-98 =990 ##$$a 121.353/Pro-97 =990 ##$$a 1199800776